From Protests to the Ban: Demonstrations against the ‘Jewish’ Films in Interwar Vienna and Bratislava
| Titel: | From Protests to the Ban: Demonstrations against the ‘Jewish’ Films in Interwar Vienna and Bratislava / Miloslav Szabó |
|---|---|
| Verfasser: | |
| In: |
Journal of contemporary history, Band 54, Heft 1 (2019), Seite 5-29 alle Artikel anzeigen |
| Veröffentlicht: | 2019 |
| Format: | Aufsatz |
| Sprache: | Englisch |
X
alg: 52985164
001A $03025:14-05-25
001B $03025:14-05-25 $t15:29:07.000
001D $03025:14-05-25
001U $0utf8
001X $00
002@ $0Oou
002C $aText $btxt $2rdacontent
002D $aComputermedien $bc $2rdamedia
002E $aOnline-Ressource $bcr $2rdacarrier
003@ $0529851644
009Q $uhttps://doi.org/10.1177/0022009417712112 $xVolltext
010@ $aeng
010E $erda
011@ $a2019
021A $aFrom Protests to the Ban: Demonstrations against the ‘Jewish’ Films in Interwar Vienna and Bratislava $hMiloslav Szabó
028A $BVerfasser $#Szabó, Miloslav $4aut $71049544218 $8Szabó, Miloslav$Z1974- [Tp3] $9338438408
031A $d54 $e1 $h5-29 $j2019
039B $aEnthalten in $8--Obvc--. Journal of contemporary history. - London {[u.a.] : Sage Publ., 1966-. - Online-Ressource. - ISSN 1461-7250 $x201900000540001995 $9083774181
044K $#Wienn $#Viedeň $#Vinna $#Wiedeń Wien $#Vena $#Wienna $#Vin $#Biennē $#Viennē $#Wīn $#Bécs $#Vídeň $#Vjenë $#Dunaj $#Wenia $#Bundesland Wien $#Land Wien $#Stadt Wien $#Bundeshauptstadt Wien $#Bundesunmittelbare Stadt Wien $#Kaiserlich-Königliche Reichshaupt- und Residenzstadt Wien $#K.K. Reichshaupt- und Residenzstadt Wien $#Reichshaupt- und Residenzstadt Wien $#Reichsgau Wien $#Vienna $#Vienne Österreich $#Beč $#Viena $#Bécs $#Vindobona Wien $#Vienna Pannoniae $#Vindobona $#Vienna Austriae $#Vienne $#Gemeinde Wien $#Vienna Fluviorum $74066009-6 $8Wien [Tgz] $9085185515
044K $RPreßburg $#Bratislawa $#Bratysława $#Brezalauspurc $#Hlavné Mesto SR Bratislava $#Preßburg $#Preßburg 1919- $#Pozsony 1919- $#Pisonium $#Posonium $#Pozsony $#Pressburg $#Posony $#Posonii $71063318696 $8Bratislava [Tg1] $9351201084
044K $RTheaterbau $#Motion picture theaters $#Cinémas $#Sale cinematografiche $#Cines $#Kino $#Kino $#Filmtheater $#Lichtspielhaus $#Lichtspieltheater $74129654-0 $8Kino [Ts1] $9085455180
044K $RRassismus $RFremdenfeindlichkeit $RJudenverfolgung $RAntijudaismus $#Antisemitism $#Antisémitisme $#Antisemitismus $#Antisemitismus $#Antisemitismus $#Judenfeindschaft $#Judenhass $74002333-3 $8Antisemitismus [Ts1] $9084997346
044K $RNationalbewegung $RNationalbewusstsein $RPatriotismus $#Nationalism $#Nationalisme $#Nacionalismo $#Nationalismus $#Nationalismus $#Nationalismus $#Pannationalismus $74041300-7 $8Nationalismus [Ts1] $9085113069
045F $a909.0492409437309043 $eDDC23BSB
045F/01 $a909.04924
045F/03 $f09043
045F/03 $g4373
045F/03 $g436
045G $a791.40943730904 $eDDC23BSB
045G/01 $a791.409
045G/03 $f0904
045G/03 $g4373
045G/03 $g436
045R $aGeschichte 1930-1936
lok: 52985164 78
exp: 52985164 78 1 #EPN
201B/01 $014-05-25 $t15:27:48.000
201C/01 $014-05-25
201U/01 $0utf8
203@/01 $01304500209
208@/01 $a14-05-25 $be
209A/01 $a/ $f000 $x00
209A/01 $ab*p $x01
220C/01 $apgar
244Z/01 $#Tschechoslowakei $#Tschechoslowakei $#Tschechoslowakei $#Tschechische und Slowakische Föderative Republik $#République Tchéco-Slovaque $#Tchécoslovaquie $#Československá Federativní Republika $#Česká a Slovenská Federativní Republika $#Czech and Slovak Federal Republic $#ČSFR $#ČSSR $#ČSR $#RČS $#Československo $#Československá Socialistická Republika $#Československá Republika $#Tschechoslowakische Sozialistische Republik $#Tschechoslowakische Republik $#Tschechoslowakische Föderative Republik $#Republika Československá $#Czechoslovakia $#Čechoslovakische Republik $#République Tchécho-Slovaque $#Tchéchoslovaquie $#Czechoslovak Socialist Republic $#Checoeslovaquia $#Cecoslovacchia $#Čechoslovakija $#République tchécoslovaque $74078435-6 $8--Tg1--Tschechoslowakei $x04 $9085222305
244Z/01 $#Slowakei $#Slowakei $#Slowakei $#Slowakische Republik (1938-1945) $#Slowakische Republik $#Oberungarn $#Slovensko $#Slovenská Republika $#Slovenská SR $#SSR $#Slovakia $#Slovaquie $#Slovak Republic $#République Slovaque $#Slovenská Socialistická Republika $#Slowakische Sozialistische Republik $#Slovak Socialist Republic $#République Socialiste Slovaque $74055297-4 $8--Tg1--Slowakei $x12 $9085153834
247C/01 $82080>Marburg/Lahn, Herder-Institut, Forschungsbibliothek, Bibliographieportal $9336309341
| LEADER | 00000naa a2200000 c 4500 | ||
|---|---|---|---|
| 001 | 529851644 | ||
| 003 | DE-603 | ||
| 005 | 20250514152907.0 | ||
| 007 | cr|||||||||||| | ||
| 008 | 250514s2019 xx |||| o| u00||u|eng c | ||
| 035 | |a (DE-599)HEB529851644 | ||
| 040 | |a DE-603 |b ger |c DE-603 |d DE-603 |e rda | ||
| 041 | |a eng | ||
| 082 | 0 | 4 | |8 1\u |a 909.0492409437309043 |q DE-101 |2 23/BSB |
| 083 | 0 | |8 2\u |a 791.40943730904 |q DE-101 |2 23/BSB | |
| 085 | |8 1\u |b 909.04924 | ||
| 085 | |8 1\u |z 1 |s 09043 | ||
| 085 | |8 1\u |z 2 |s 4373 | ||
| 085 | |8 1\u |z 2 |s 436 | ||
| 085 | |8 2\u |b 791.409 | ||
| 085 | |8 2\u |z 1 |s 0904 | ||
| 085 | |8 2\u |z 2 |s 4373 | ||
| 085 | |8 2\u |z 2 |s 436 | ||
| 100 | 1 | |a Szabó, Miloslav |d 1974- |e Verfasser |4 aut |0 (DE-603)338438408 |0 (DE-588)1049544218 |2 gnd | |
| 245 | 0 | 0 | |a From Protests to the Ban: Demonstrations against the ‘Jewish’ Films in Interwar Vienna and Bratislava |c Miloslav Szabó |
| 264 | 0 | |c 2019 | |
| 336 | |a Text |b txt |2 rdacontent | ||
| 337 | |a Computermedien |b c |2 rdamedia | ||
| 338 | |a Online-Ressource |b cr |2 rdacarrier | ||
| 648 | 7 | |a Geschichte 1930-1936 |2 gnd | |
| 650 | 7 | |a Kino |0 (DE-588)4129654-0 |0 (DE-603)085455180 |2 gnd | |
| 650 | 7 | |a Antisemitismus |0 (DE-588)4002333-3 |0 (DE-603)084997346 |2 gnd | |
| 650 | 7 | |a Nationalismus |0 (DE-588)4041300-7 |0 (DE-603)085113069 |2 gnd | |
| 651 | 7 | |a Wien |0 (DE-588)4066009-6 |0 (DE-603)085185515 |2 gnd | |
| 651 | 7 | |a Bratislava |0 (DE-588)1063318696 |0 (DE-603)351201084 |2 gnd | |
| 773 | 0 | 8 | |i Enthalten in |t Journal of contemporary history |d London [u.a.] : Sage Publ., 1966- |h Online-Ressource |x 1461-7250 |g Band 54, Heft 1 (2019), Seite 5-29 |w (DE-603)083774181 |w (DE-600)1494064-4 |
| 856 | |u https://doi.org/10.1177/0022009417712112 | ||
| 924 | 1 | |9 2080 |a (DE-603)1304500209 |b DE-2080 |c HES |d d |g / | |


